000 00553nam a22002057a 4500
003 OSt
005 20240626101710.0
008 240626b |||||||| |||| 00| 0 eng d
020 _a9780415645997
040 _cMUST
082 _a338.9 asy 2007
100 _a edited by Yotopoulos, Pan A
_917923
245 _aThe Asymmetries of globalisation
260 _aNew york
_b: Routledge
_c, C 2007
300 _axiv, 208p.
_b: ill
_c; 23 cm
504 _aincludes index
650 _2Globalisation
700 _aRomano, Donato
_917924
942 _2ddc
_cO_SHELF
999 _c8874
_d8874